Palmarès de l'équipe de France de Football - Statistiques

Statistiques générales
  • Ce quiz a été pris 3 336 fois
    3 301 depuis la dernière actualisation
  • Le résultat moyen est 10 sur 13
Statistiques - réponses
Année Place Compétition % Correct
1960 4ème Championnat d'Europe de Football
100%
1958 3ème Coupe du monde
100%
1982 4ème Coupe du monde
100%
1986 3ème Coupe du monde
100%
1998 1er Coupe du monde
100%
2006 2ème Coupe du monde
100%
1984 1er Championnat d'Europe de Football
97%
1996 Demi-Finaliste Championnat d'Europe de Football
97%
2000 1er Championnat d'Europe de Football
97%
2001 1er Coupe des confédérations
38%
2003 1er Coupe des confédérations
38%
1984 1er Jeux olympiques
33%
1985 1er Coupe intercontinentale des nations
4%
Aucun quiz correspondant
Distribution des résultats
% des personnes avec chaque résultat
Percentile par nombre de réponses
Votre historique - résultats
Vous n’avez pas pris ce quiz depuis la dernière actualisation